Statistiken für Fußballverein bei Abkürzung #2

Klicken Sie hier um das Quiz zu spielen!

Allgemein

  • Dieses Quiz wurde 257 mal gespielt
  • Das Durchschnittsergebnis liegt bei 13 aus 20

Antwortstatistiken

AbkürzungVerein% Korrekt
SCFSC Freiburg
98%
MSVMSV Duisburg
92%
FCHFC Hansa Rostock/FC Heidenheim
91%
F95Fortuna Düsseldorf
91%
1860TSV 1860 München
91%
B04Bayer 04 Leverkusen
90%
FCIFC Ingolstadt
87%
FCSTPFC St. Pauli
81%
SVWWSV Wehen Wiesbaden
80%
SGDSG Dynamo Dresden
68%
SVSSV Sandhausen
68%
DSCArminia Bielefeld
64%
HFCHallescher FC
64%
TeBeTennis Borussia Berlin
58%
SSVSSV Jahn Regensburg/SSV Ulm
49%
WSVWuppertaler SV
48%
FCEFC Erzgebirge Aue/FC Energie Cottbus
38%
KSVSV Holstein Kiel
35%
SGFSpVgg Greuther Fürth
31%
FCCFC Carl Zeiss Jena
25%

Verteilung der Resultate

Perzentil nach korrekt beantworteten Fragen

Anzahl Personen mit jedem Resultat

Ihre Resultats-Entwicklung

Sie haben dieses Quiz noch nicht gespielt